000 01024cab a2200217 ab4500
003 SA-RiAUC
005 20251229082519.0
008 241124s1984 qa er f0 f2ara c
040 _aSA-RiKSU
_bara
_cSA-RiAUC
082 0 4 _a251
090 _a251
_bع ب د ب
100 1 _aعبد البر، محمد زكي
245 1 0 _aعلم أصول الفقه وعلم أصول القانون /
_cمحمد زكي عبد البر.
300 _a16 صفحة ؛
_c24 سم.
580 _aفي : حولية كلية الشريعة والدراسات الإسلامية.
650 7 _aأصول الفقه الإسلامي
_vمقالات ومحاضرات
_2aucsh
650 7 _aالقانون
_xفلسفة
_vمقالات ومحاضرات
_2aucsh
773 0 _tحولية كلية الشريعة والدراسات الإسلامية / كلية الشريعة والدراسات الإسلامية، جامعة قطر.
_gع. 3 (1404 هـ. = 1984)، ص. ص. 67-82
942 _2ddc
_cBOOK
_n0
949 _aSA-JeALM
_d241124
_umohamedma123
_n1
999 _c13774
_d13774